Statistics for top 10 Arsenal PL scorers

Click here to take the quiz!

General Stats

  • This quiz has been taken 45 times
  • The average score is 8 of 10

Answer Stats

HintAnswer% Correct
175Henry
100%
87Bergkamp
100%
62Pires
91%
66Giroud
88%
96Van Persie
85%
65Walcott
82%
104Wright
79%
48Sanchez
68%
46Ljungberg
68%
46Adebayor
53%

Score Distribution

Percentile by Number Answered

Percent of People with Each Score

Your Score History

You have not taken this quiz